Statistics for Countries where Dholes Live

Click here to take the quiz!

General Stats

  • This quiz has been taken 78 times
    (77 since last reset)
  • The average score is 10 of 11

Answer Stats

Country% Correct
India
99%
China
93%
Bangladesh
91%
Cambodia
88%
Laos
87%
Myanmar
87%
Thailand
87%
Indonesia
85%
Malaysia
85%
Vietnam
85%
Bhutan
81%

Score Distribution

Percentile by Number Answered

Percent of People with Each Score

Your Score History

You have not taken this quiz since the last reset